=LDR 00000nam 2200000 4500 =001 INLIS000000000026821 =005 20130612125236 =008 ***********************************ind** =035 ##$$a0010-061300000026821 =041 ##$$a ind =082 ##$$a 808.83 =090 ##$$a 808.83, ISK j =100 ##$$a Iskandar, N.St =245 ##$$a Janggir Bali, n.St. Iskandar =260 ##$$a 22 cm $b Jakarta =300 ##$$a x, 257 hlm., ilus., 22 cm =650 ##$$a Fiksi Sejarah =850 ##$$a NBPNMAT =990 ##$$a 0001/BPAP-NTB/20142014